Nuevo producto. Creatividad, innovación y marketing

Bibliographic Details
Main Author: Schnarch Kirberg, Alejandro
Format: Section = Libro
Language:Undetermined
Spanish
Published: Bogotá McGraw-Hill 1997
Edition:3a.ed.
Subjects:
LEADER 00679nam a2200229Ia 4500
008 240829s9999 xx 000 0 und d
020 |a 958-41-0199-4 
040 |a BIBLIOTECA-RUSB/ 658.5 S357 
041 |a spa 
082 |a 658.5 S357 
100 1 |a Schnarch Kirberg, Alejandro 
245 1 0 |a Nuevo producto. Creatividad, innovación y marketing 
250 |a 3a.ed. 
260 |a Bogotá  |b McGraw-Hill  |c 1997 
300 |a 231 p. :il. 
650 7 |a ADMINISTRACION DE LA PRODUCCION - CREATIVIDAD 
650 7 |b  INNOVACION - TECNOLOGIA - PRODUCTOS 
650 7 |c  INVESTIGACION DE MERCADO 
650 7 |d  MARKETING - NUEVOS PRODUCTOS 
942 |c BK  |2 ddc 
991 |a TEXTO 
999 |c 4194